Movies Quiz

Random Movies or Role Quiz

A-Z Title Character Slideshow Quiz Stats

 Plays Quiz Updated Mar 14, 2015

Challenge
Share
Tweet
Score 0/26 Timer 08:00
15 Plays Today
% Correct
Cinderella (Cinderella)
97.3%
Kong (King Kong)
96.2%
Indiana Jones (Indiana Jones and the Temple of Doom)
95.8%
Edward Scissorhands (Edward Scissorhands)
95.4%
Mary Poppins (Mary Poppins)
94.9%
Rocky Balboa (Rocky II)
94.4%
Willy Wonka (Willy Wonka and the Chocolate Factory)
93.4%
Thor (Thor)
93%
Zorro (The Mask of Zorro)
91.5%
Pinocchio (Pinocchio)
90.4%
Ferris Bueller (Ferris Bueller's Day Off)
88.5%
Beethoven (Beethoven)
87.5%
Oliver Twist (Oliver!)
86.8%
% Correct
Malcolm X (Malcolm X)
85.6%
T.E. Lawrence (Lawrence of Arabia)
80.4%
Sherlock Holmes (Sherlock Holmes)
77.8%
Amélie Poulain (Amélie)
77.7%
Jerry Maguire (Jerry Maguire)
73.2%
Donnie Darko (Donnie Darko)
66.1%
Norbit (Norbit)
52.6%
Victoria Grant (Victor Victoria)
52.5%
Yentl (Yentl)
46.4%
Auric Goldfinger (Goldfinger)
43.4%
Ulysses (Ulysses)
39.4%
Matthew Quigley (Quigley Down Under)
28.1%
Hans Christian Andersen (Hans Christian Andersen)
27.3%

You're not logged in!

Compare scores with friends on all Sporcle quizzes.
Join for Free
OR
Log In

You Might Also Like...

Show Comments

Extras

Top Quizzes Today


Score Distribution

Your Account Isn't Verified!

In order to create a playlist on Sporcle, you need to verify the email address you used during registration. Go to your Sporcle Settings to finish the process.

Report this User

Report this user for behavior that violates our Community Guidelines.

Details: